Paris SG 2020s Champions League Scorers - Statistics

General Stats
  • This quiz has been taken 36 times
  • The average score is 22 of 32
Answer Stats
Goals Nationality Player % Correct
34 French Kylian Mbappe
100%
5 Moroccan Achraf Hakimi
97%
11 Brazilian Neymar
97%
4 Portuguese Vitinha
97%
9 Argentine Lionel Messi
94%
5 Brazilian Marquinhos
94%
5 Portuguese Nuno Mendes
91%
5 French Desire Doue
88%
10 French Ousmane Dembele
88%
1 Spanish Fabian Ruiz
85%
3 Georgian Kvicha Kvaratskhelia
85%
4 Argentine Angel Di Maria
82%
4 French Bradley Barcola
79%
1 Uruguayan Edinson Cavani
76%
1 Korean Lee Kang-in
76%
3 Portuguese Goncalo Ramos
74%
1 Slovakian Milan Skriniar
74%
1 Cameroonian Eric Choupo-Moting
68%
1 Portuguese Joao Neves
68%
5 Argentine Mauro Icardi
65%
1 Senegalese Idrissa Gueye
62%
2 French Senny Mayulu
56%
1 Belgian Thomas Meunier
56%
2 French Warren Zaire-Emery
56%
2 Spanish Juan Bernat
53%
1 French Lucas Hernandez
44%
1 Spanish Carlos Soler
41%
2 Dutch Georginio Wijnaldum
41%
2 Spanish Pablo Sarabia
41%
3 Italian Moise Kean
38%
1 French Randal Kolo Muani
32%
1 Spanish Ander Herrera
24%
No matching quizzes found
Score Distribution
Percent of People with Each Score
Percentile by Number Answered
Your Score History
You have not taken this quiz